[Event "Titled Tue 26th Aug Late"]
[Site "chess.com INT"]
[Date "2025.08.26"]
[Round "7"]
[White "Papasimakopoulos, Alexandros"]
[Black "Cevizci, Yusuf Baran"]
[Result "1/2-1/2"]
[WhiteTitle "IM"]
[BlackTitle "CM"]
[WhiteElo "2361"]
[BlackElo "2094"]
[WhiteFideId "4244125"]
[BlackFideId "34565400"]
[EventDate "2025.08.26"]

1. d4 d5 2. c4 c6 3. cxd5 cxd5 4. Bf4 Nc6 5. e3 Nf6 6. Nc3 Bg4 7. Qb3 Na5 8.
Qa4+ Bd7 9. Qc2 Rc8 10. Nf3 e6 11. Bd3 h6 12. h3 b5 13. a3 Nc4 14. Ne5 a5 15.
Qe2 b4 16. axb4 axb4 17. Nxd7 Nxd7 18. Na4 Be7 19. O-O O-O 20. Rfc1 Ndb6 21.
Nxb6 Nxb6 22. Ba6 Rxc1+ 23. Rxc1 Bd6 24. Bxd6 Qxd6 25. Qb5 Nc4 26. b3 Nd2 27.
Rc6 Qb8 28. Rb6 Qc7 29. Rc6 Qb8 30. Qd3 Ne4 31. Qb1 Qa8 32. Bb5 Nc3 33. Qf1 Qb7
34. Rc5 Ne4 35. Rc2 Nc3 36. Bd3 Ra8 37. Rb2 Ra3 38. Bc2 Qa7 39. Qd3 g6 40. Kh2
Qa6 41. Qxa6 Rxa6 42. Bd3 Ra3 43. Kg3 Kg7 44. Kf3 Kf6 45. h4 e5 46. dxe5+ Kxe5
47. g4 f5 48. gxf5 gxf5 49. h5 Ra1 50. Kg2 Ra3 51. Kf3 Ra1 52. Kg2 Rd1 53. Ba6
Rc1 54. Bc8 Nd1 55. Rd2 Nxe3+ 56. fxe3 Rxc8 57. Rd4 Rc3 58. Rxb4 Rxe3 59. Rb6
Rc3 60. b4 Rb3 61. Rxh6 Rxb4 62. Rh8 Rh4 63. h6 Kf6 64. Kg3 Rg4+ 65. Kf3 Kg6 66.
h7 Rh4 67. Rd8 Rxh7 68. Rxd5 Kg5 69. Rd4 Ra7 70. Kf2 Ra3 71. Rb4 f4 72. Rb8 Ra2+
73. Kf3 Ra3+ 74. Kf2 Ra5 75. Rg8+ Kf5 76. Rf8+ Ke4 77. Re8+ Kd4 78. Rd8+ Rd5 79.
Rxd5+ Kxd5 80. Kf3 Ke5 81. Kf2 Ke4 82. Ke2 f3+ 83. Kf2 Kf4 84. Kf1 Kg4 85. Kf2
Kf4 86. Kf1 Ke4 87. Kf2 Kf4 1/2-1/2

[Event "Titled Tue 26th Aug Late"]
[Site "chess.com INT"]
[Date "2025.08.26"]
[Round "7"]
[White "Livaic, Leon"]
[Black "Maghsoodloo, Parham"]
[Result "1/2-1/2"]
[WhiteTitle "GM"]
[BlackTitle "GM"]
[WhiteElo "2550"]
[BlackElo "2695"]
[WhiteFideId "14531534"]
[BlackFideId "12539929"]
[EventDate "2025.08.26"]

1. d4 Nf6 2. c4 e6 3. Nf3 d5 4. Nc3 Nbd7 5. cxd5 exd5 6. Bg5 Bb4 7. e3 c6 8. Bd3
Nf8 9. O-O Ng6 10. Bxf6 Qxf6 11. Nxd5 Qd6 12. Nxb4 Qxb4 13. Qd2 Qb6 14. Rac1 O-O
15. Rc5 Rd8 16. Rfc1 Nf8 17. h3 Be6 18. a3 h6 19. b4 a6 20. R5c2 Qc7 21. Ne5 Qe7
22. Qc3 Qg5 23. Kh1 Qh4 24. Kh2 Re8 25. Bc4 Rad8 26. a4 Bxc4 27. Qxc4 Rd5 28. b5
axb5 29. axb5 Re6 30. bxc6 bxc6 31. Qe2 Rf6 32. Qg4 Qg5 33. Qxg5 hxg5 34. Nxc6
Ng6 35. Rc5 Rxc5 36. Rxc5 Rxf2 37. Rxg5 Re2 38. Ne5 Nh4 39. Rg4 Nf5 40. Nc4 Rc2
41. d5 Rc3 42. d6 Rd3 43. Rf4 Nxd6 44. Nxd6 Rxd6 45. Kg3 Re6 46. Kf3 f6 47. h4
Re5 48. g4 Ra5 49. h5 Kh7 50. Rd4 Ra1 51. Rd8 Rf1+ 52. Kg2 Ra1 53. e4 Ra3 54.
Rd5 Re3 55. Rd4 Kh6 56. Kf2 Ra3 57. Rd5 Rc3 58. Rf5 Rb3 59. e5 fxe5 60. Rxe5 Ra3
61. Re6+ Kh7 62. Re3 Ra4 63. Kg3 Ra8 64. Kh4 Kg8 65. Kg5 Ra5+ 66. Kg6 Ra6+ 67.
Kf5 Ra5+ 68. Re5 Ra8 69. g5 Kh7 70. Re4 Rf8+ 71. Kg4 Rb8 72. Rf4 Ra8 73. Re4 Rb8
74. Re7 Rb4+ 75. Kf5 Rb5+ 76. Kf4 Rb4+ 77. Re4 Rb8 78. Rd4 Ra8 79. Ke4 Ra5 80.
Rd5 Ra4+ 81. Kf5 Ra8 82. Rd7 Ra5+ 83. Kf4 Ra4+ 84. Ke5 Ra5+ 85. Rd5 Ra8 86. Kf5
Rf8+ 87. Kg4 Rb8 88. Rf5 Rb4+ 89. Rf4 Rb8 90. Kf5 Rb5+ 91. Kg4 Rb8 92. Kf5 Rb5+
93. Kg4 Rb8 1/2-1/2

[Event "Titled Tue 26th Aug Late"]
[Site "chess.com INT"]
[Date "2025.08.26"]
[Round "7"]
[White "Baches Garcia, Guillermo"]
[Black "Bogaudinov, Rushan"]
[Result "1-0"]
[WhiteTitle "IM"]
[BlackTitle "FM"]
[WhiteElo "2305"]
[BlackElo "1912"]
[WhiteFideId "2209764"]
[BlackFideId "4129288"]
[EventDate "2025.08.26"]

1. Nf3 a6 2. d4 e6 3. Bg5 Be7 4. Bxe7 Qxe7 5. Nbd2 d5 6. e3 Nf6 7. Bd3 O-O 8.
O-O Nbd7 9. c3 e5 10. dxe5 Nxe5 11. Nxe5 Qxe5 12. Nf3 Qd6 13. Qc2 Bg4 14. Nd4 c5
15. Nf5 Qe5 16. h3 Bxf5 17. Bxf5 g6 18. Bd3 Rad8 19. Rad1 Rfe8 20. b3 Kg7 21.
Rfe1 h5 22. Rd2 g5 23. Bf5 g4 24. h4 g3 25. f3 d4 26. cxd4 cxd4 27. e4 Qf4 28.
Red1 Qxh4 29. Bh3 Qf4 30. Rd3 Re7 31. Qd2 Qxd2 32. R1xd2 Nxe4 33. fxe4 Rxe4 34.
Rxg3+ Kf8 35. Rgd3 h4 36. Kf2 Rf4+ 37. Rf3 Re4 38. Bf5 Re5 39. Bd3 Kg7 40. Bc4
f6 41. Rf4 b5 42. Be2 h3 43. gxh3 Rh8 44. Bg4 Re3 45. Rfxd4 Rc3 46. R4d3 Rc5 47.
Rg3 Kh6 48. Bf3 a5 49. Kg2 a4 50. Kh2 axb3 51. axb3 Rc3 52. Be4 Rxg3 53. Kxg3
Rc8 54. Kf4 Rc3 55. Rd3 Rc7 56. Rg3 Kh5 57. Kf5 b4 58. Kxf6 Rc8 59. Re3 Rf8+ 60.
Ke5 Kg5 61. Rg3+ Kh4 62. Rf3 Re8+ 63. Kd4 Rd8+ 64. Bd5 Re8 65. Kc4 Rd8 66. Rd3
Rc8+ 67. Kxb4 Rb8+ 68. Kc3 Kg5 69. Bc4 Kf4 70. Rd4+ Ke5 71. h4 Rf8 72. Rg4 Rf3+
73. Kb4 Kf5 74. Rg1 Kf6 75. Rh1 Rg3 76. h5 Rg7 77. h6 Rh7 78. Bd3 Rh8 79. h7 Kg7
80. Bc4 Rb8+ 81. Kc3 Kh8 82. b4 Rc8 83. b5 Rb8 84. Kb4 Rb6 85. Kc5 Rb8 86. Bd5
Rc8+ 87. Bc6 Rd8 88. b6 Rb8 89. b7 Rf8 90. Kb6 Rd8 91. Kc7 Rf8 92. b8=Q 1-0

[Event "Titled Tue 26th Aug Late"]
[Site "chess.com INT"]
[Date "2025.08.26"]
[Round "7"]
[White "Mizzi, Jack"]
[Black "Herbrig, Alexander"]
[Result "1-0"]
[WhiteTitle "CM"]
[BlackTitle "FM"]
[WhiteElo "2130"]
[BlackElo "2292"]
[WhiteFideId "5602521"]
[BlackFideId "12952044"]
[EventDate "2025.08.26"]

1. d4 d5 2. c4 e5 3. dxe5 d4 4. Nf3 Nc6 5. a3 a5 6. e3 Bc5 7. exd4 Bxd4 8. Nxd4
Qxd4 9. Nc3 Qxd1+ 10. Nxd1 Nxe5 11. Bf4 f6 12. Nc3 Bd7 13. O-O-O O-O-O 14. f3
Ne7 15. Be2 N7c6 16. Rhe1 Be6 17. Nd5 a4 18. Bf1 Bf5 19. Bxe5 fxe5 20. Bd3 Bxd3
21. Rxd3 Na5 22. Rxe5 Nxc4 23. Re7 c6 24. Nb4 Rde8 25. Rdd7 Rxe7 26. Rxe7 Rd8
27. Kc2 b5 28. Nxc6 Rd2+ 29. Kc3 Rxb2 30. Rxg7 Rb3+ 31. Kd4 Nxa3 32. Kc5 Rc3+
33. Kb6 Nc4+ 34. Kxb5 Nd6+ 35. Kb6 Nc4+ 36. Ka6 a3 37. Na7+ Kd8 38. Nc6+ Ke8 39.
Re7+ Kf8 40. Re2 Nb2 41. Nb4 Rb3 42. Ka5 a2 43. Nxa2 Ra3+ 44. Kb4 Rxa2 45. Kb3
Ra1 46. Kxb2 Rh1 47. h3 Kg7 48. Kc3 Rd1 49. Kc2 Rd6 50. Rd2 Re6 51. Kd3 Kg6 52.
Re2 Ra6 53. Ke3 Ra4 54. Kf2 Kg5 55. Kg3 Kg6 56. Re4 Ra3 57. Rb4 Kg7 58. Rb6 Ra4
59. h4 Rc4 60. Kh3 Ra4 61. g3 Ra3 62. f4 h5 63. Kg2 Rc3 64. Kf2 Ra3 65. Re6 Rb3
66. Re3 Rb2+ 67. Kf3 Rb4 68. Rd3 Rb1 69. Ke3 Rg1 70. Ke4 Kg6 71. Rd6+ Kg7 72.
Rd3 Kg6 73. Re3 Kf6 74. Ra3 Re1+ 75. Kf3 Rb1 76. Ra6+ Kf5 77. Ra5+ Kg6 78. Rg5+
Kh6 79. f5 Ra1 80. Rg6+ Kh7 81. Kf4 Rf1+ 82. Kg5 Rf2 83. Kxh5 Rxf5+ 84. Rg5 Rf3
85. g4 Rf4 86. Ra5 Rf7 87. g5 Rb7 88. Ra6 Rc7 89. Rb6 Ra7 90. Rb4 Rc7 91. Kg4
Kg6 92. h5+ Kh7 93. Re4 Ra7 94. Rf4 Rb7 95. Ra4 Rc7 96. Re4 Ra7 97. Kf5 Ra5+ 98.
Re5 Ra7 99. Kf6 Ra8 100. Re7+ Kg8 101. Kg6 Ra6+ 102. Kf5 Ra5+ 103. Kf6 Ra6+ 104.
Re6 Ra8 105. Kg6 Rf8 106. h6 Ra8 107. Rf6 Rb8 108. Rf5 Rb6+ 109. Kh5 Rb8 110. g6
Ra8 111. Kg5 Rb8 112. Rf4 Rb5+ 113. Rf5 Rb8 114. h7+ Kh8 115. Kh6 Ra8 116. g7# 1-0

[Event "Titled Tue 26th Aug Late"]
[Site "chess.com INT"]
[Date "2025.08.26"]
[Round "8"]
[White "Poeta, Caio Medeiros"]
[Black "Itkis, Boris"]
[Result "1-0"]
[BlackTitle "IM"]
[WhiteElo "2160"]
[BlackElo "2250"]
[WhiteFideId "2142660"]
[BlackFideId "1209167"]
[EventDate "2025.08.26"]

1. Nf3 d5 2. g3 Nf6 3. Bg2 Bf5 4. O-O e6 5. c4 c6 6. Nc3 Nbd7 7. d4 Bd6 8. Qb3
Qc7 9. c5 Be7 10. Bf4 Qc8 11. Nh4 Bg6 12. Nxg6 hxg6 13. Qc2 b6 14. b4 O-O 15. e4
dxe4 16. Nxe4 Nxe4 17. Qxe4 Nf6 18. Qxc6 Qxc6 19. Bxc6 Rac8 20. Bb7 Rc7 21. Bxc7 1-0

[Event "Titled Tue 26th Aug Late"]
[Site "chess.com INT"]
[Date "2025.08.26"]
[Round "8"]
[White "Nassr, Ahmed"]
[Black "Simiyu Jadon"]
[Result "1-0"]
[WhiteTitle "IM"]
[BlackTitle "FM"]
[WhiteElo "2153"]
[BlackElo "2132"]
[WhiteFideId "7904860"]
[BlackFideId "10824014"]
[EventDate "2025.08.26"]

1. d4 f5 2. Bf4 Nf6 3. e3 b6 4. Nf3 Bb7 5. Nbd2 g6 6. h3 Bg7 7. Bd3 O-O 8. O-O
e6 9. c4 d6 10. Bh2 a5 11. Qc2 Nc6 12. a3 Qe7 13. Rfd1 e5 14. dxe5 dxe5 15. c5
e4 16. Bc4+ Kh8 17. Ng5 Nd8 18. cxb6 cxb6 19. Nb3 h6 20. Bd6 1-0

[Event "Titled Tue 26th Aug Late"]
[Site "chess.com INT"]
[Date "2025.08.26"]
[Round "8"]
[White "Tsvetkov, Andrey"]
[Black "Korchynskyi, Mykola"]
[Result "0-1"]
[WhiteTitle "IM"]
[BlackTitle "FM"]
[WhiteElo "2403"]
[BlackElo "2359"]
[WhiteFideId "34139360"]
[BlackFideId "34138005"]
[EventDate "2025.08.26"]

1. d4 Nf6 2. c4 e6 3. Nc3 d5 4. cxd5 exd5 5. Bg5 Be7 6. e3 h6 7. Bh4 O-O 8. Bd3
b6 9. Qc2 Bb7 10. Nge2 c5 11. O-O Nc6 12. dxc5 bxc5 13. Rfd1 Nb4 14. Qb1 Qb6 15.
a3 Nxd3 16. Qxd3 Rad8 17. Rab1 Ba6 18. Qc2 d4 19. exd4 cxd4 20. Na4 d3 0-1

[Event "Titled Tue 26th Aug Late"]
[Site "chess.com INT"]
[Date "2025.08.26"]
[Round "8"]
[White "Babiarz, Arkadiusz"]
[Black "Rossi, Maximiliano"]
[Result "1-0"]
[WhiteTitle "CM"]
[WhiteElo "2172"]
[BlackElo "2013"]
[WhiteFideId "21804362"]
[BlackFideId "113425"]
[EventDate "2025.08.26"]

1. d4 d5 2. c4 dxc4 3. Nf3 e6 4. e3 a6 5. Bxc4 b5 6. Be2 Bb7 7. a4 c6 8. O-O Nf6
9. b3 Bd6 10. Bb2 Ne4 11. Nbd2 Nxd2 12. Qxd2 O-O 13. Rac1 Nd7 14. Bd3 Nf6 15. e4
Be7 16. Rfd1 Nd7 17. Bb1 Re8 18. e5 c5 19. dxc5 Bxf3 20. gxf3 Nxc5 21. Qc2 1-0

[Event "Titled Tue 26th Aug Late"]
[Site "chess.com INT"]
[Date "2025.08.26"]
[Round "8"]
[White "Sharankov, Grigory"]
[Black "Gustafsson, Jan"]
[Result "0-1"]
[WhiteTitle "CM"]
[BlackTitle "GM"]
[WhiteElo "2238"]
[BlackElo "2591"]
[WhiteFideId "4168356"]
[BlackFideId "4625498"]
[EventDate "2025.08.26"]

1. e4 e5 2. Nf3 Nc6 3. Bb5 a6 4. Ba4 Nf6 5. O-O Be7 6. d3 b5 7. Bb3 d6 8. a4 Rb8
9. axb5 axb5 10. Nc3 O-O 11. Nd5 Nxd5 12. Bxd5 Nb4 13. Bb3 c5 14. c3 Nxd3 15.
Qxd3 c4 16. Qd1 cxb3 17. Qxb3 Be6 18. Qc2 b4 19. Bd2 b3 20. Qd3 Qc7 21. Rfd1 Bc4
22. Qe3 Ra8 23. h4 Ra2 24. Rab1 h6 25. Be1 Rfa8 26. Nd2 Be6 27. c4 Rb8 28. Rdc1
Bxh4 29. Nxb3 Bg5 30. Qc3 Bxc1 31. Nxc1 Ra4 32. b3 Rxc4 0-1

[Event "Titled Tue 26th Aug Late"]
[Site "chess.com INT"]
[Date "2025.08.26"]
[Round "8"]
[White "Pereyra, Horacio"]
[Black "Leiva, Gianmarco"]
[Result "0-1"]
[BlackTitle "IM"]
[WhiteElo "2133"]
[BlackElo "2379"]
[WhiteFideId "113700"]
[BlackFideId "3804399"]
[EventDate "2025.08.26"]

1. d4 d5 2. Nc3 Nf6 3. Bg5 Nbd7 4. f3 h6 5. Bh4 c5 6. e4 cxd4 7. Qxd4 e5 8. Qa4
d4 9. Nd5 g5 10. Bg3 Nxd5 11. exd5 Bd6 12. Bd3 O-O 13. h4 Nc5 14. Qc4 b5 15.
Qxb5 Ba6 16. Qc6 Rc8 17. Bf5 Rxc6 18. dxc6 Qa5+ 19. Kf2 Qd2+ 0-1

[Event "Titled Tue 26th Aug Late"]
[Site "chess.com INT"]
[Date "2025.08.26"]
[Round "8"]
[White "Gabrielian, Artur"]
[Black "Zouaghi, Amir"]
[Result "1-0"]
[WhiteTitle "GM"]
[BlackTitle "FM"]
[WhiteElo "2407"]
[BlackElo "2301"]
[WhiteFideId "4131002"]
[BlackFideId "249262"]
[EventDate "2025.08.26"]

1. Nf3 c5 2. g3 g6 3. Bg2 Bg7 4. O-O Nc6 5. d3 d6 6. e4 e5 7. c3 Be6 8. a3 Qd7
9. b4 Bh3 10. Be3 b6 11. Nbd2 h5 12. Nc4 Bxg2 13. Kxg2 Rd8 14. h4 Nge7 15. b5
Nb8 16. Qb3 O-O 17. a4 Qc7 18. Bg5 Kh8 19. Bxe7 Qxe7 20. a5 d5 21. exd5 Rxd5 22.
axb6 axb6 23. Nxb6 Rxd3 24. Qc4 e4 25. Ng5 Rxc3 26. Qxe4 Qxe4+ 27. Nxe4 Rb3 28.
Rab1 c4 29. Nxc4 Rxb1 30. Rxb1 Re8 31. Ned6 Re7 32. b6 Be5 33. Nxe5 Rxe5 34.
Nxf7+ 1-0

[Event "Titled Tue 26th Aug Late"]
[Site "chess.com INT"]
[Date "2025.08.26"]
[Round "8"]
[White "Dubnevych, Maksym"]
[Black "Almagro Mazariegos, Sebastian"]
[Result "1-0"]
[WhiteTitle "FM"]
[BlackTitle "FM"]
[WhiteElo "2296"]
[BlackElo "2259"]
[WhiteFideId "14184001"]
[BlackFideId "2221640"]
[EventDate "2025.08.26"]

1. Nc3 c5 2. Nf3 g6 3. d4 cxd4 4. Qxd4 Nf6 5. e4 Nc6 6. Qd3 d6 7. Be2 Bg7 8. O-O
O-O 9. Nd5 Bg4 10. c3 Bxf3 11. Qxf3 Rb8 12. Bg5 Nxd5 13. exd5 Ne5 14. Qe3 f6 15.
Bh4 g5 16. Bg3 a6 17. f4 gxf4 18. Bxf4 Kh8 19. Kh1 b5 20. Bg3 f5 21. Qg5 Qd7 22.
Rf2 Rf6 23. Raf1 Rbf8 24. Bh4 Ng6 25. Bd3 Nxh4 26. Qxh4 Rh6 27. Qg5 Rg8 28. Bxf5
Qe8 29. h3 Rh5 30. Qe3 Be5 31. Be6 1-0

[Event "Titled Tue 26th Aug Late"]
[Site "chess.com INT"]
[Date "2025.08.26"]
[Round "8"]
[White "Montano Vicente, Guadalupe"]
[Black "Hernandez Bermudez, Ulises Eduardo"]
[Result "1-0"]
[WhiteElo "1990"]
[BlackElo "2042"]
[WhiteFideId "5181399"]
[BlackFideId "3902510"]
[EventDate "2025.08.26"]

1. d4 Nf6 2. c4 g6 3. Nc3 Bg7 4. e4 d6 5. h3 O-O 6. Be3 e5 7. d5 a5 8. g4 Na6 9.
Nge2 Nc5 10. Ng3 Ne8 11. Bg2 b6 12. Qd2 f5 13. gxf5 gxf5 14. exf5 Bxf5 15. Nxf5
Rxf5 16. h4 a4 17. h5 Kh8 18. h6 Bf6 19. O-O-O Bg5 20. Ne4 Bxe3 21. Qxe3 Rf4 22.
Rdg1 Nf6 23. Nd2 Ng4 24. Qg3 Nxf2 25. Qg7# 1-0

[Event "Titled Tue 26th Aug Late"]
[Site "chess.com INT"]
[Date "2025.08.26"]
[Round "8"]
[White "Peek, Maurice"]
[Black "Yurovskykh, Oleksandr"]
[Result "1-0"]
[WhiteTitle "IM"]
[BlackTitle "FM"]
[WhiteElo "2381"]
[BlackElo "2379"]
[WhiteFideId "1004239"]
[BlackFideId "14134020"]
[EventDate "2025.08.26"]

1. d4 d5 2. c4 dxc4 3. e4 Nf6 4. e5 Nd5 5. Bxc4 Nb6 6. Bb3 Bf5 7. Nc3 e6 8. Nge2
Nc6 9. O-O Qd7 10. Be3 O-O-O 11. Rc1 Kb8 12. Qd2 Nb4 13. Nf4 c6 14. a3 N4d5 15.
Ncxd5 Nxd5 16. Nxd5 exd5 17. Bc2 Be7 18. b4 a6 19. a4 Bxc2 20. Rxc2 f6 21. f4
fxe5 22. fxe5 Rhf8 23. Rb1 Rf5 24. b5 cxb5 25. axb5 axb5 26. Qa5 Rdf8 27. Ra1 1-0

[Event "Titled Tue 26th Aug Late"]
[Site "chess.com INT"]
[Date "2025.08.26"]
[Round "8"]
[White "Arkadan, Adib"]
[Black "Paval, George"]
[Result "1-0"]
[WhiteTitle "CM"]
[WhiteElo "2215"]
[BlackElo "2139"]
[WhiteFideId "5304946"]
[BlackFideId "1214233"]
[EventDate "2025.08.26"]

1. Nf3 Nf6 2. g3 e6 3. Bg2 Be7 4. O-O O-O 5. d3 d5 6. Nbd2 c5 7. e4 Nc6 8. Re1
b6 9. e5 Nd7 10. Nf1 Qc7 11. h4 Ndxe5 12. Nxe5 Nxe5 13. h5 Bd6 14. h6 g6 15. Ne3
Bb7 16. f4 Nd7 17. Ng4 f5 18. Rxe6 fxg4 19. Qxg4 Nf6 20. Qg5 Be7 21. Qe5 Qxe5
22. fxe5 Kf7 23. Rxe7+ Kxe7 24. Bg5 Kf7 25. Bxf6 Rae8 26. c4 Ke6 27. Rf1 Ba8 28.
Bh3+ Kf7 29. Bg7+ Kg8 30. Be6+ 1-0

[Event "Titled Tue 26th Aug Late"]
[Site "chess.com INT"]
[Date "2025.08.26"]
[Round "8"]
[White "Popov, Tikhon"]
[Black "Mikhalsky, Vladimir"]
[Result "1-0"]
[WhiteTitle "FM"]
[WhiteElo "2335"]
[BlackElo "2219"]
[WhiteFideId "24252026"]
[BlackFideId "14144352"]
[EventDate "2025.08.26"]

1. e4 g6 2. d4 Bg7 3. Nc3 d6 4. Be3 a6 5. g4 b5 6. h4 h5 7. gxh5 Rxh5 8. Be2 Rh8
9. a3 Nf6 10. f4 Nh5 11. Bxh5 gxh5 12. Nge2 Bg4 13. Qd3 Nd7 14. Ng3 c5 15. Nce2
Rc8 16. O-O-O c4 17. Qd2 a5 18. e5 d5 19. f5 Qb6 20. Nf4 e6 21. fxe6 fxe6 22.
Rdg1 b4 23. axb4 axb4 24. Ngxh5 Bxh5 25. Nxh5 Rxh5 26. Rxg7 c3 27. Qg2 Nf8 28.
Rf1 Rf5 29. Rxf5 exf5 30. Qxd5 Qe6 31. Qxe6+ Nxe6 32. Rg8+ Nf8 33. Bh6 cxb2+ 34.
Kxb2 Kf7 35. Rxf8+ Rxf8 36. Bxf8 Kxf8 37. Kc1 Kf7 38. d5 Ke7 39. h5 1-0

[Event "Titled Tue 26th Aug Late"]
[Site "chess.com INT"]
[Date "2025.08.26"]
[Round "8"]
[White "Leitgeb, Julian"]
[Black "Gubajdullin, Alexei"]
[Result "0-1"]
[WhiteTitle "FM"]
[BlackTitle "FM"]
[WhiteElo "2311"]
[BlackElo "2228"]
[WhiteFideId "1663771"]
[BlackFideId "4141202"]
[EventDate "2025.08.26"]

1. Nf3 Nf6 2. g3 g6 3. Bg2 Bg7 4. O-O O-O 5. c4 d6 6. d4 Nbd7 7. Nc3 e5 8. e4 c6
9. h3 a5 10. Re1 exd4 11. Nxd4 Nc5 12. b3 a4 13. b4 Ne6 14. Be3 a3 15. Nxe6 Bxe6
16. c5 Nd7 17. Qc2 dxc5 18. bxc5 Qa5 19. Ne2 Bxa1 20. Rxa1 f6 21. g4 Qa4 22. Qd2
Ne5 23. Nd4 Bf7 24. Qe1 Rfd8 25. f4 Nd3 26. Qc3 Qc4 27. Qxc4 Bxc4 28. Bf1 Ra4
29. Rd1 Nxf4 30. Bxf4 Bxf1 31. Bd6 Bc4 32. Rd2 Bxa2 33. Rxa2 Rxd4 34. Rxa3 Rxe4
35. Rb3 Rd7 36. Kf2 Kf7 37. Ra3 Ke6 38. Ra8 b6 39. Re8+ Kd5 40. Rf8 bxc5 41. Bg3
Re6 42. Kf3 c4 43. Ra8 c3 44. Ra3 Kc4 0-1

[Event "Titled Tue 26th Aug Late"]
[Site "chess.com INT"]
[Date "2025.08.26"]
[Round "8"]
[White "Weisz, Bryan"]
[Black "Zampronha, Wladimir Camilo"]
[Result "1-0"]
[WhiteElo "2078"]
[BlackElo "2157"]
[WhiteFideId "30934133"]
[BlackFideId "2103087"]
[EventDate "2025.08.26"]

1. Nc3 d5 2. e4 c6 3. d4 dxe4 4. Nxe4 Nf6 5. Nc5 e5 6. Qe2 Bxc5 7. dxc5 Qa5+ 8.
Bd2 Qxc5 9. Nf3 Nbd7 10. Bc3 O-O 11. O-O-O Re8 12. Qc4 Qxc4 13. Bxc4 b5 14. Bb3
c5 15. Bd5 Nxd5 16. Rxd5 b4 17. Bxe5 Bb7 18. Rxd7 Bxf3 19. Bxg7 Kxg7 20. gxf3
Re2 21. Rg1+ Kf6 22. Rg4 Rxf2 23. Rf4+ Ke6 24. Rdxf7 Rg8 25. R7f6+ Ke5 26. R4f5+
Kd4 27. Rd6+ Kc4 28. b3+ Kb5 29. Rdd5 Rc8 30. Rh5 Rxf3 31. Rxh7 Rg8 32. Rxa7
Rg1+ 33. Kb2 Rg2 34. a4+ Kb6 35. Rad7 Rc3 36. R5d6+ Ka5 37. Ra7# 1-0

[Event "Titled Tue 26th Aug Late"]
[Site "chess.com INT"]
[Date "2025.08.26"]
[Round "8"]
[White "Simonovic, Miroslav"]
[Black "Gomes, Luiz Alexandre de Souza"]
[Result "0-1"]
[WhiteTitle "CM"]
[BlackTitle "FM"]
[WhiteElo "2092"]
[BlackElo "2254"]
[WhiteFideId "919152"]
[BlackFideId "2102790"]
[EventDate "2025.08.26"]

1. d4 Nf6 2. Bg5 e6 3. e4 Be7 4. Bd3 d5 5. Bxf6 Bxf6 6. e5 Be7 7. Qg4 Kf8 8. Nf3
c5 9. c3 Nc6 10. Nbd2 cxd4 11. cxd4 Qb6 12. O-O Qxb2 13. Rfb1 Qa3 14. Rb3 Qa5
15. Qf4 h6 16. Rc1 Qd8 17. Bg6 Qe8 18. Bh5 Kg8 19. Nh4 Bxh4 20. Qxh4 g6 21. Rg3
Kh7 22. Rcc3 Bd7 23. Qf6 Rg8 24. Rcf3 Rg7 25. Rh3 Qe7 26. Qf4 Qg5 27. Qxg5 hxg5
28. Bg4+ Kg8 29. Nb3 b6 30. Rc3 a5 31. Rhd3 Rh7 32. h3 Kf8 33. Rc1 Ke7 34. Rdc3
Rc8 35. Be2 Rhh8 0-1

[Event "Titled Tue 26th Aug Late"]
[Site "chess.com INT"]
[Date "2025.08.26"]
[Round "8"]
[White "Manukian, Artak"]
[Black "Zhukovskyi, Oleksandr"]
[Result "1-0"]
[BlackTitle "CM"]
[WhiteElo "2104"]
[BlackElo "2145"]
[WhiteFideId "13301373"]
[BlackFideId "14169371"]
[EventDate "2025.08.26"]

1. e4 Nf6 2. Nc3 d5 3. exd5 Nxd5 4. Bc4 Nb6 5. Bb3 c5 6. d3 Nc6 7. Qf3 e6 8.
Nge2 Be7 9. h4 Nd7 10. Qg3 Kf8 11. h5 h6 12. Bf4 Nf6 13. O-O-O Na5 14. Ne4 Nxb3+
15. axb3 b5 16. Nxf6 Bxf6 17. Bd6+ Be7 18. Bxe7+ Qxe7 19. Nc3 Bd7 20. Qc7 Be8
21. Qxe7+ Kxe7 22. d4 b4 23. Ne2 Bb5 24. Nf4 cxd4 25. Rxd4 a5 26. Re1 Bc6 27.
Nd5+ Bxd5 28. Rxd5 Rhd8 29. Rxd8 Rxd8 30. c4 bxc3 31. bxc3 Rd5 32. g4 f5 33. Rg1
fxg4 34. Rxg4 Kf6 35. Kc2 Rxh5 36. c4 Rf5 37. Rg2 h5 38. Kd3 h4 39. Kd4 h3 40.
Rh2 Rf3 41. c5 1-0

[Event "Titled Tue 26th Aug Late"]
[Site "chess.com INT"]
[Date "2025.08.26"]
[Round "8"]
[White "Becking, Stephan"]
[Black "Shandrygin, Nikita"]
[Result "1-0"]
[WhiteTitle "IM"]
[BlackTitle "FM"]
[WhiteElo "2410"]
[BlackElo "2209"]
[WhiteFideId "4632478"]
[BlackFideId "24198668"]
[EventDate "2025.08.26"]

1. d4 d5 2. Nf3 Nc6 3. c3 Bg4 4. Bf4 e6 5. Nbd2 Bd6 6. Bg3 Nf6 7. e3 O-O 8. Be2
a6 9. O-O Qe7 10. c4 dxc4 11. Nxc4 Bxg3 12. hxg3 Rfd8 13. Rc1 Nd5 14. a3 Rab8
15. b4 f6 16. Qb3 Kh8 17. Rfe1 e5 18. dxe5 fxe5 19. Rcd1 e4 20. Nd4 Nxd4 21.
Rxd4 Bxe2 22. Rxe2 Nf6 23. Red2 Rxd4 24. Rxd4 c5 25. bxc5 Qxc5 26. Qd1 g6 27.
Nd6 Qc6 28. Qa1 Rf8 29. Nxe4 Kg7 30. f3 Rf7 31. Rd6 1-0

[Event "Titled Tue 26th Aug Late"]
[Site "chess.com INT"]
[Date "2025.08.26"]
[Round "8"]
[White "Palczert, Matyas"]
[Black "Sheehan, Ethan"]
[Result "0-1"]
[WhiteTitle "FM"]
[WhiteElo "2427"]
[BlackElo "2323"]
[WhiteFideId "784958"]
[BlackFideId "30943965"]
[EventDate "2025.08.26"]

1. e4 e5 2. Nf3 Nc6 3. Bc4 Nf6 4. d3 Bc5 5. c3 a6 6. O-O d6 7. a4 Ba7 8. Nbd2
O-O 9. h3 Be6 10. Re1 Nh5 11. Bxe6 fxe6 12. Nf1 Qf6 13. b4 Ne7 14. N1h2 Ng6 15.
Ng4 Qf7 16. Ra2 Nhf4 17. Kh2 h5 18. Ne3 Nxg2 19. Kxg2 Qxf3+ 20. Qxf3 Nh4+ 21.
Kg3 Nxf3 22. Rf1 Rf6 23. h4 Raf8 24. Ng2 Rg6+ 25. Kh3 Rg4 26. Be3 Bxe3 27. fxe3
Ng5+ 28. hxg5 Rxf1 29. Kh2 Rxg5 30. c4 Rf3 31. a5 Rfg3 32. b5 Rxg2+ 33. Rxg2
Rxg2+ 34. Kxg2 g5 35. d4 exd4 36. exd4 Kf7 37. c5 dxc5 38. dxc5 c6 0-1

[Event "Titled Tue 26th Aug Late"]
[Site "chess.com INT"]
[Date "2025.08.26"]
[Round "8"]
[White "Shton, Roman"]
[Black "Ferreira, Vitor Hugo Vieira"]
[Result "0-1"]
[WhiteElo "2081"]
[BlackElo "2128"]
[WhiteFideId "14137461"]
[BlackFideId "2119765"]
[EventDate "2025.08.26"]

1. d4 Nf6 2. Nf3 g6 3. c4 Bg7 4. Nc3 O-O 5. Bg5 c5 6. d5 d6 7. e3 e6 8. Be2 exd5
9. cxd5 Na6 10. O-O Nc7 11. a4 b6 12. h3 Re8 13. Nd2 h6 14. Bh4 a6 15. Nc4 Rb8
16. Bg3 Bf8 17. Bf3 b5 18. axb5 axb5 19. Na5 Bd7 20. Nc6 Bxc6 21. dxc6 b4 22.
Nd5 Ncxd5 23. Bxd5 Qb6 24. Qd3 Nxd5 25. Qxd5 Rbc8 26. Rfd1 Re6 27. e4 Qxc6 28.
Qc4 Rxe4 29. Qd3 Rd4 30. Qe3 Re8 31. Qb3 Rxd1+ 32. Rxd1 Re6 33. h4 h5 34. Bf4
Qe4 35. Be3 Qxh4 36. Ra1 Qe4 37. Ra8 Qxa8 0-1